000 00454pab a2200157 454500
008 180718b2003 xxu||||| |||| 00| 0 eng d
100 _aManohar, S. John
245 _aTeam learning - a padagogical tool in management education: an empirical study
260 _c2003
300 _ap.36-49.
362 _aJul-Dec
650 _aManagement education
700 _aRajesh, C.N.B.
773 _aIndian Journal of Training and Development
909 _a59653
999 _c59653
_d59653